Logo BPK

Bibliografia Prac Pracowników

Politechniki Koszalińskiej

Źródła i materiały do dziejów powstania wielkopolskiego i wojsk wielkopolskich (1918-1919) / (Rekord nr 7263)

Szczegóły MARC
000 -ETYKIETA REKORDU
podpole kontrolne o stałej długości 00679nab a22001817a 4500
003 - IDENTYFIKATOR NUMERU KONTROLNEGO REKORDU
podpole kontrolne BPK
005 - DATA OSTATNIEJ MODYFIKACJI REKORDU
podpole kontrolne 20160404103549.0
008 - POLE O STAŁEJ DŁUGOŚCI - DANE KONTROLNE
podpole kontrolne o stałej długości 160211b1979 pl ||||| |||| 00| 0pol
040 ## - ŹRÓDŁO KATALOGOWANIA
Instytucja, która utworzyła rekord BPK
080 ## - UNIWERSALNA KLASYFIKACJA DZIESIĘTNA - UKD
UKD 94(438)
100 ## - NAZWA OSOBOWA
Nazwa osobowa POLAK, Bogusław.
Lata pracy 1979 - 1996.
Instytucja Wyższa Szkoła Inżynierska w Koszalinie - Studium Nauk Społeczno - Politycznych.
245 ## - TYTUŁ/ODPOWIEDZIALNOŚĆ
Tytuł Źródła i materiały do dziejów powstania wielkopolskiego i wojsk wielkopolskich (1918-1919) /
Pozostałe elementy strefy tytułu i oznaczenia odpowiedzialności Bogusław Polak.
260 ## - STREFA ADRESU WYDAWNICZEGO
Data publikacji, dystrybucji/powstania dokumentu 1979.
500 ## - UWAGI OGÓLNE
Tekst uwagi Dane z kartoteki bpp.
650 #0 - HASŁO PRZEDMIOTOWE W FORMIE NAZWY OGÓLNEJ LUB JEDNOSTKOWEJ
Nazwa ogólna lub geograficzna Powstanie 1918 r. wielkopolskie.
773 ## - TYTUŁ DOKUMENTU MACIERZYSTEGO
Wyrażenie wprowadzające W :
Tytuł Kronika Wielkopolska. -
Informacje dotyczące relacji 1979, nr 1/2, s. 284-287
942 ## - HASŁO DODATKOWE - ELEMENTY(KOHA)
Typ dokumentu Artykuł
Schemat klasyfikacji Uniwersalna klasyfikacja dziesiętna

Brak dostępnych egzemplarzy.

© 2014 Biblioteka Politechniki Koszalińskiej :: BIBLIOGRAFIA PRAC PRACOWNIKÓW